Creación de los experimentos del curso IE0524

Shranjeno v:
Bibliografske podrobnosti
Glavni avtor: Rodríguez Navarrete, Jennifer
Format: Knjiga
Izdano: [San José, Costa Rica] 2009
Teme:
Oznake: Označite
Brez oznak, prvi označite!

MARC

LEADER 00000nam a2200000Ia 4500
003 001443
005 20221231144046.0
008 140114s2009 cr a 000 ||s d
040 |c cru CEDI  
090 |a TFG 5962 
100 |a Rodríguez Navarrete, Jennifer  |9 914 
245 |a Creación de los experimentos del curso IE0524  
260 |c 2009  |b [San José, Costa Rica] 
300 |a xi, 80 hojas; ilustraciones (algunas a color) 
500 |a Proyecto de graduación (bachillerato en ingeniería eléctrica)--Universidad de Costa Rica. Facultad de Ingeniería. Escuela de Ingeniería Civil 
650 |x ELECTRONICA DIGITAL  |x ESTUDIO Y ENSEÑANZA  |x CLASIFICACION  |x  DISEÑO DE CIRCUITOS ELECTRONICOS   |9 3571 
942 |c TFG 
999 |c 16266  |d 16266